<?xml version="1.0" encoding="UTF-8"?>
<collection xmlns="http://www.loc.gov/MARC21/slim">
 <record>
  <leader>00850nam a2200217   4500</leader>
  <controlfield tag="001">000007827</controlfield>
  <controlfield tag="003">3997</controlfield>
  <controlfield tag="005">20150812140836.0</controlfield>
  <controlfield tag="008">111011s                               sd</controlfield>
  <datafield tag="100" ind1="0" ind2=" ">
   <subfield code="a">P.E.Đankô, A.G.Popôp, T.la. Côgiepnhicôva</subfield>
  </datafield>
  <datafield tag="245" ind1="0" ind2="0">
   <subfield code="a">Bài tập toán học cao cấp</subfield>
   <subfield code="c">P.E.Đankô, A.G.Popôp, T.la. Côgiepnhicôva</subfield>
  </datafield>
  <datafield tag="774" ind1=" " ind2=" ">
   <subfield code="a">P.E.Đankô, A.G Popôp, T.la. Côgiepnhicôva</subfield>
   <subfield code="d">H.</subfield>
   <subfield code="d">Đại học và trung học chuyên nghiệp Hà Nội</subfield>
   <subfield code="g">P.2</subfield>
   <subfield code="h">511tr.</subfield>
   <subfield code="o">KM.008626.</subfield>
   <subfield code="w">3999</subfield>
  </datafield>
  <datafield tag="774" ind1=" " ind2=" ">
   <subfield code="a">P.E.Đankô, A.G Popôp, T.la. Côgiepnhicôva</subfield>
   <subfield code="d">H.</subfield>
   <subfield code="d">Đại học và trung học chuyên nghiệp Hà Nội</subfield>
   <subfield code="g">P.1</subfield>
   <subfield code="h">487tr.</subfield>
   <subfield code="w">4002</subfield>
  </datafield>
  <datafield tag="OWN" ind1=" " ind2=" ">
   <subfield code="a">LSP</subfield>
  </datafield>
  <datafield tag="999" ind1=" " ind2=" ">
   <subfield code="a">From the UDN01</subfield>
  </datafield>
  <datafield tag="TYP" ind1=" " ind2=" ">
   <subfield code="a">Monograph</subfield>
  </datafield>
  <datafield tag="TYP" ind1=" " ind2=" ">
   <subfield code="a">Printed language</subfield>
  </datafield>
  <datafield tag="980" ind1=" " ind2=" ">
   <subfield code="a">Mạng thư viện Đại học Đà Nẵng</subfield>
  </datafield>
 </record>
</collection>
